000
00311nam a2200097Ia 4500
082
_a
423.1 DONA
245
0
_a
I'm leaving you, Simon - you disgust me : a dictionary of received ideas
100
_a
DONALDSON, William London, 2003
_9
95958
942
_c
BK
008
210817s9999 xx 000 0 und d
999
_c
401214
_d
401213